000 01151nam a2200241Ia 4500
003 Ost
005 20260507075650.0
008 260507s9999||||xx |||||||||||||| ||und||
020 _a8865312977
040 _cfsecg
041 _aara
082 _a346.09
100 _aهرجة، مصطفى مجدي
_eمؤلف
245 0 _aالمشكلات العملية في جرائم الشيك /
_c مصطفى مجدي هرجة
260 _aالإسكندرية:
_bدار محمود للنشر والتوزيع,
_c2005
300 _a309 صفحة؛
_bإيضاحات ؛
_c24 سم
504 _aالمراجع ص. 295
520 _aتعريف الشيك وأنواعه والتفرقة بينه بين الأوراق التجارية الأخرى- الشروط الشكلية والموضوعية للشيك- أركان الجريمة- أسباب الإباحة في الإمتناع عن صرف الشيك- نظر الدعوى والحكم فيها.
653 _aالجريمة والمجرمون- الشيكات - مصر
653 _aالشيكات- قوانين وتشريعات- مصر
653 _aجرائم الأموال
942 _cكتاب
999 _c45579
_d45579